000 00483nam a2200169 i 4500
001 105765
003 ES-MaACL
007 t|
008 060823s1958 ag ||||1| spa d
080 _a821.134.2(892)-34"19"
100 1 _aGarcete, Carlos.
_953987
245 1 3 _aLa muerte tiene color
_b: cuentos /
_cCarlos Garcete.
260 _aBuenos Aires :
_bFuturo,
_c[1958]
300 _a122 p. ;
_c20 cm.
500 _aBiblioteca Juan Andrade.
852 _aES-MaACL
_jAND-588
_bR.109886
999 _c105765
_d105765